[Event "Murmansk Basamro U16 4th"]
[Site "Murmansk"]
[Date "2016.10.08"]
[Round "4.3"]
[White "Natarov, Ilya"]
[Black "Bubnov, Kirill"]
[Result "0-1"]
[WhiteElo "1819"]
[BlackElo "2041"]
[PlyCount "86"]
[EventDate "2016.10.06"]
[EventType "team-tourn"]
[EventRounds "5"]
[EventCountry "RUS"]
[SourceTitle "EXT 2017"]
[Source "ChessBase"]
[SourceDate "2016.10.25"]
[SourceVersion "1"]
[SourceVersionDate "2016.10.25"]
[SourceQuality "1"]
[WhiteTeam "Murmansk Region"]
[BlackTeam "Leningrad Region"]
[WhiteTeamCountry "RUS"]
[BlackTeamCountry "RUS"]

1. d4 Nf6 2. Nf3 g6 3. Nbd2 d5 4. e3 Bg7 5. b4 0-0 6. Bb2 c6 7. c4 Bg4 8. Be2 dxc4 9. Nxc4 Nd5 10. a3 Nd7 11. 0-0 N7b6 12. Nce5 Bxf3 13. Nxf3 Re8 14. Rc1 Nd7 15. Bc4 N5b6 16. Bb3 e5 17. dxe5 Nxe5 18. Nxe5 Bxe5 19. Bxe5 Rxe5 20. Qxd8+ Rxd8 21. Rfd1 Rb8 22. Kf1 a5 23. Rc5 Rbe8 24. Rxa5 R5e7 25. Ke2 Nd7 26. Ra7 Ne5 27. h3 Kg7 28. Rd6 f5 29. Kd2 g5 30. f4 gxf4 31. exf4 Ng6 32. g3 Re2+ 33. Kc3 R8e7 34. Bc2 R2e3+ 35. Rd3 Kf6 36. h4 Nh8 37. Ra8 Nf7 38. Rb8 Nd6 39. Kd4 Nb5+ 40. Kc5 Nxa3 41. Rd6+ Kg7 42. Bxf5 Rc3+ 43. Kd4 Nb5# 0-1

[Event "Liptovsky Mikulas CupT U20"]
[Site "Liptovsky Mikulas"]
[Date "2016.06.23"]
[Round "4.1"]
[White "Molenda, Marcin"]
[Black "Bubnov, Kirill"]
[Result "1-0"]
[WhiteElo "2235"]
[BlackElo "2163"]
[PlyCount "83"]
[EventDate "2016.06.21"]
[EventType "team-swiss"]
[EventRounds "8"]
[EventCountry "SVK"]
[SourceTitle "CBM 173 Extra"]
[Source "ChessBase"]
[SourceDate "2016.08.29"]
[SourceVersion "1"]
[SourceVersionDate "2016.08.29"]
[SourceQuality "1"]
[WhiteTeam "Jastrzebie Zdroj (U20)"]
[BlackTeam "St Petersburg Spassky (U20)"]
[WhiteTeamCountry "POL"]
[BlackTeamCountry "RUS"]

1. d4 Nf6 2. Nf3 g6 3. c4 Bg7 4. g3 d5 5. Bg2 0-0 6. 0-0 c6 7. cxd5 cxd5 8. Nc3 Nc6 9. Ne5 Bf5 10. Nxc6 bxc6 11. Bf4 Ne4 12. Nxe4 Bxe4 13. Bxe4 dxe4 14. Be3 Qd5 15. Qa4 e5 16. dxe5 Qxe5 17. Rab1 Qb5 18. Qxe4 Qxe2 19. Rfc1 Qa6 20. Qc4 Qa5 21. Rc2 Qf5 22. Rbc1 Qd5 23. b3 Qh5 24. Qxc6 a5 25. Kg2 Qg4 26. Qf3 Qxf3+ 27. Kxf3 f5 28. Rc7 f4 29. gxf4 g5 30. Rg1 h6 31. Ke2 Rae8 32. fxg5 Bd4 33. gxh6+ Kh8 34. Rg4 Bb6 35. Rb7 Rf6 36. h7 Bxe3 37. Rg8+ Rxg8 38. hxg8Q+ Kxg8 39. Kxe3 Rh6 40. Ra7 Rxh2 41. Rxa5 Kf7 42. Ra6 1-0

[Event "Chigorin Memorial 23rd"]
[Site "St Petersburg"]
[Date "2015.10.04"]
[Round "2"]
[White "Pogorelskikh, Sofia"]
[Black "Bubnov, Kirill"]
[Result "0-1"]
[WhiteElo "1616"]
[BlackElo "1988"]
[PlyCount "58"]
[EventDate "2015.10.03"]
[EventType "swiss"]
[EventRounds "9"]
[EventCountry "RUS"]
[SourceTitle "CBM 168 Extra"]
[Source "ChessBase"]
[SourceDate "2015.10.29"]
[SourceVersion "1"]
[SourceVersionDate "2015.10.29"]
[SourceQuality "1"]

1. e4 e6 2. d4 d5 3. Nd2 c5 4. c3 Nc6 5. Ngf3 cxd4 6. cxd4 Qb6 7. exd5 exd5 8. Nb3 Nf6 9. Bd3 Bb4+ 10. Bd2 0-0 11. 0-0 Bg4 12. Be3 Bd6 13. h3 Bh5 14. Rc1 Nb4 15. Bb1 Rac8 16. Qe2 Ne4 17. Rxc8 Rxc8 18. Rc1 Rxc1+ 19. Bxc1 f5 20. Qe3 Nc6 21. Nfd2 Bf7 22. Nf3 Qc7 23. Ne1 a5 24. Nd2 Bf4 25. Qe2 Nxd4 26. Qd1 Qxc1 27. Qxc1 Ne2+ 28. Kf1 Nxc1 29. Nxe4 dxe4 0-1

[Event "Teberda op 07"]
[Site "Teberda"]
[Date "2014.07.27"]
[Round "4"]
[White "Bubnov, Kirill"]
[Black "Harchenko, Sergey"]
[Result "1/2-1/2"]
[WhiteElo "1844"]
[BlackElo "1810"]
[PlyCount "93"]
[EventDate "2014.07.24"]
[EventType "swiss"]
[EventRounds "9"]
[EventCountry "RUS"]
[SourceTitle "EXT 2022"]
[Source "ChessBase"]
[SourceDate "2021.10.06"]
[SourceVersion "1"]
[SourceVersionDate "2021.10.06"]
[SourceQuality "1"]

1. Nf3 Nf6 2. g3 d5 3. Bg2 Bf5 4. 0-0 c5 5. c4 e6 6. Qb3 Qb6 7. Nc3 Be7 8. cxd5 Qxb3 9. axb3 exd5 10. Nb5 Na6 11. d4 0-0 12. dxc5 Bxc5 13. Nfd4 Be4 14. Bf4 Bxg2 15. Kxg2 Rac8 16. Bd6 Rfd8 17. Bxc5 Rxc5 18. Nxa7 Nc7 19. Rfc1 Nd7 20. Rxc5 Nxc5 21. b4 N5e6 22. Nxe6 fxe6 23. Rc1 Ne8 24. Rc8 Rxc8 25. Nxc8 b5 26. Kf3 Kf7 27. Ke3 e5 28. f4 Ke6 29. fxe5 Kxe5 30. Na7 Nc7 31. Nc6+ Kd6 32. Nd4 Ke5 33. Nf3+ Kd6 34. Ng5 h6 35. Nf7+ Ke6 36. Nd8+ Kd6 37. Nb7+ Ke5 38. Nc5 d4+ 39. Kd3 Kd5 40. h3 Ke5 41. b3 h5 42. Nd7+ Ke6 43. Nc5+ Ke5 44. h4 Ne6 45. Nd7+ Kd5 46. Nc5 Ke5 47. Ne4 1/2-1/2

[Event "Teberda op 07"]
[Site "Teberda"]
[Date "2014.07.27"]
[Round "5"]
[White "Soboleva, Anastasia"]
[Black "Bubnov, Kirill"]
[Result "0-1"]
[WhiteElo "1958"]
[BlackElo "1844"]
[PlyCount "62"]
[EventDate "2014.07.24"]
[EventType "swiss"]
[EventRounds "9"]
[EventCountry "RUS"]
[SourceTitle "EXT 2022"]
[Source "ChessBase"]
[SourceDate "2021.10.06"]
[SourceVersion "1"]
[SourceVersionDate "2021.10.06"]
[SourceQuality "1"]

1. e4 e6 2. d4 d5 3. Nc3 Bb4 4. e5 c5 5. a3 Bxc3+ 6. bxc3 Qc7 7. Qg4 f5 8. Qg3 cxd4 9. cxd4 Ne7 10. Ne2 0-0 11. c3 b6 12. Nf4 Qc6 13. a4 Ba6 14. Bb5 Bxb5 15. axb5 Qd7 16. h4 Rf7 17. h5 a5 18. Ba3 a4 19. Ng6 Nc8 20. Rb1 Ra5 21. Qg5 Qe8 22. Nf4 Na7 23. Nxe6 Rxb5 24. Rxb5 Nxb5 25. Bb4 Nc6 26. Nf4 Nxb4 27. cxb4 Nxd4 28. Nd3 f4 29. Rh4 Qc8 30. Kf1 a3 31. Rxf4 a2 0-1

[Event "Nezhmetdinov Memorial 36th"]
[Site "Kazan"]
[Date "2014.06.02"]
[Round "3"]
[White "Bubnov, Kirill"]
[Black "Mamyrbay, Assad"]
[Result "0-1"]
[WhiteElo "1871"]
[BlackElo "2078"]
[PlyCount "70"]
[EventDate "2014.05.31"]
[EventType "swiss"]
[EventRounds "9"]
[EventCountry "RUS"]
[SourceTitle "CBM 160 Extra"]
[Source "ChessBase"]
[SourceDate "2014.07.01"]
[SourceVersion "1"]
[SourceVersionDate "2014.07.01"]
[SourceQuality "1"]

1. d4 Nf6 2. c4 g6 3. Nc3 d5 4. cxd5 Nxd5 5. e4 Nxc3 6. bxc3 Bg7 7. Nf3 c5 8. Be3 Bg4 9. Bb5+ Nc6 10. Qa4 0-0 11. Bxc6 bxc6 12. 0-0 cxd4 13. Bxd4 Qc7 14. Bxg7 Kxg7 15. Qd4+ Kg8 16. Ne5 c5 17. Qe3 Qxe5 18. f4 Qc7 19. f5 Qe5 20. Rae1 Rab8 21. h3 Bh5 22. g4 Rb2 23. Rf2 Rxf2 24. Qxf2 Bxg4 25. hxg4 Qxc3 26. Re3 Qd4 27. Kg2 Rb8 28. Kf3 Rb2 29. Re2 Qxf2+ 30. Kxf2 Rxe2+ 31. Kxe2 h5 32. g5 h4 33. fxg6 fxg6 34. e5 h3 35. Kf2 c4 0-1

[Event "EU-ch U12 23rd"]
[Site "Budva"]
[Date "2013.10.08"]
[Round "9"]
[White "Drori, Saar"]
[Black "Bubnov, Kirill"]
[Result "0-1"]
[WhiteElo "2018"]
[BlackElo "1887"]
[PlyCount "64"]
[EventDate "2013.09.29"]
[EventType "swiss"]
[EventRounds "9"]
[EventCountry "MNE"]
[SourceTitle "EXT 2014"]
[Source "ChessBase"]
[SourceDate "2013.11.20"]
[SourceVersion "1"]
[SourceVersionDate "2013.11.20"]
[SourceQuality "1"]

1. e4 e6 2. Nf3 d5 3. exd5 exd5 4. d4 Bd6 5. Bd3 Nc6 6. 0-0 Nge7 7. c3 Bg4 8. Nbd2 Qd7 9. Qc2 f6 10. b4 0-0-0 11. a4 g5 12. a5 h5 13. b5 Nb8 14. a6 b6 15. c4 Bf5 16. Bb2 h4 17. c5 Bxd3 18. Qxd3 Bf4 19. Rfc1 bxc5 20. dxc5 g4 21. c6 Qf5 22. Qd4 gxf3 23. Qxa7 Rdg8 24. Nxf3 Bxc1 25. Rxc1 Qxf3 26. Qb7+ Kd8 27. Qxb8+ Nc8 28. Bxf6+ Qxf6 29. a7 Rxg2+ 30. Kxg2 Qg6+ 31. Kh3 Qf5+ 32. Kg2 Rg8+ 0-1

[Event "EU-ch U12 23rd"]
[Site "Budva"]
[Date "2013.10.06"]
[Round "7"]
[White "McLaren, Charlie"]
[Black "Bubnov, Kirill"]
[Result "1/2-1/2"]
[WhiteElo "1673"]
[BlackElo "1887"]
[PlyCount "83"]
[EventDate "2013.09.29"]
[EventType "swiss"]
[EventRounds "9"]
[EventCountry "MNE"]
[SourceTitle "EXT 2014"]
[Source "ChessBase"]
[SourceDate "2013.11.20"]
[SourceVersion "1"]
[SourceVersionDate "2013.11.20"]
[SourceQuality "1"]

1. d4 Nf6 2. Nf3 g6 3. g3 Bg7 4. Bg2 0-0 5. 0-0 d5 6. c4 dxc4 7. Na3 c6 8. Nxc4 Nbd7 9. Qb3 Nb6 10. Nce5 Ng4 11. Nxg4 Bxg4 12. e3 Be6 13. Qc2 a5 14. Bd2 Bf5 15. e4 Bg4 16. Be3 Bxf3 17. Bxf3 Bxd4 18. Rfd1 c5 19. Bxd4 cxd4 20. Qc5 Rc8 21. Qxd4 Qxd4 22. Rxd4 Rc2 23. b3 Rfc8 24. e5 R8c7 25. Rd8+ Kg7 26. e6 fxe6 27. Re1 Rc1 28. Rxc1 Rxc1+ 29. Kg2 Rc7 30. Rd3 Nd7 31. Re3 Kf6 32. Be2 Ne5 33. f4 Nd7 34. Bc4 e5 35. a4 exf4 36. Re6+ Kf5 37. Rxe7 f3+ 38. Kf2 h5 39. Rf7+ Ke5 40. Rg7 Kd4 41. Re7 b6 42. h4 1/2-1/2